Statistiques concernant Personnages des Simpson en images - École élémentaire

Cliquez ici pour prendre le quiz!

Statistiques générales

  • Ce quiz a été pris 28 fois
  • Le résultat moyen est 12 sur 30

Statistiques - réponses

Réponse% Correct
Lisa
88%
Bart
83%
Skinner
79%
Willie
75%
Nelson
71%
Ralph
71%
Milhouse
67%
Otto
67%
Martin
63%
Krapabelle
58%
Hoover
46%
Jimbo
46%
Chalmers
42%
Terri
38%
Kearney
33%
Dolph
29%
Sherri
29%
Üter
29%
Largo
25%
Wendell
21%
Janey
17%
Allison
13%
Database
13%
Doris
13%
Francine
13%
Bergstrom
8%
Lewis
8%
Loren Pryor
4%
Michael
4%
Richard
4%

Distribution des résultats

Percentile par nombre de réponses

% des personnes avec chaque résultat

Votre développement - résultats

Vous n’avez pas pris ce quiz